| 000 | 00918ntm a22002177a 4500 | ||
|---|---|---|---|
| 005 | 20170810125640.0 | ||
| 008 | 170802s2013 xx a frb 000 0 eng d | ||
| 040 |
_aEG-ScBUE _beng _cEG-ScBUE |
||
| 082 |
_222 _a621 _bFOU |
||
| 100 | 1 | _aFouad, Amr Bahaa EL-deen. | |
| 245 | 1 | 0 |
_aDesign and development of erosion wear test-up:solid particles and slurry erosion techniques / _cby Amr Bahaa EL-deen Fouad, Ibrahim Shoukry Mohamed Ibrahim EL-Zenouki. |
| 260 | _c2013 | ||
| 300 |
_avii , 78 p. : _bill ; _c28 cm. |
||
| 500 | _aA dissertation Submitted to the faculty of engineering,the Biritish university in Egypt,in partial Fulfillment of the requirements for the bachelor degree in mechanical engineering. | ||
| 590 | _akarima | ||
| 650 | 7 |
_2BUEsh _aMechanical Engineering _vProjects |
|
| 653 |
_bENGCHE _cAugust2017 |
||
| 655 | _vSPRO | ||
| 700 | 1 |
_tEL-zenouki, Ibrahim Shoukry Mohamed Ibrahim, _dths. |
|
| 942 | _2ddc | ||
| 999 |
_c25131 _d25103 |
||